000 00868cam a22002411i 4500
003 OSt
005 20241224075730.0
008 241220s2015 le g 000 0 ara c
020 _a9786144372159
040 _aSA-RiAUC
_bara
_cSA-RiAUC
_erda
082 0 4 _a230
_qSA-RiAUC
090 _a230
_bخ ي ا
100 1 _aخياط، سامي بن أحمد بن عبد العزيز
_eمؤلف.
245 1 0 _aلمحات في بيان جهود المحدثين /
_cالدكتور سامي الخياط.
264 1 _aبيروت :
_bدار البشائر الإسلامية،
_c2015
300 _a203 صفحة ؛
_c24 × 17 سم
336 _aنص
_btxt
_2rdacontent
_3كتاب
337 _aبدون وسيط
_bn
_2rdamedia
338 _aمجلد
_bnc
_2rdacarrier
650 7 _aعلم الحديث
_2aucsh
942 _2ddc
_cBOOK
_n0
949 _aSA-JeALM
_d241220
_umohamedma123
_n1
999 _c3865
_d3865